| 000 | 00504nam a2200181Ia 4500 | ||
|---|---|---|---|
| 001 | 23674 | ||
| 005 | 20260414150953.0 | ||
| 008 | 260414t2015||||xx |||||||||||||| ||spa|| | ||
| 041 | _aESP | ||
| 082 |
_a690.028 _bD63 |
||
| 100 |
_aDeutsch, Randy _eAUT |
||
| 245 | 0 |
_aData-driven design and construction : _b25 strategies for capturing, analyzing, and applying building data |
|
| 260 | _c2015 | ||
| 300 |
_axxiii, 358 páginas : _c24 cm. |
||
| 650 | _a0 | ||
| 654 | _aCIC | ||
| 942 |
_cLIB _dJUS _fJUS _2ddc _n |
||
| 999 |
_c23674 _d23674 |
||